<?xml version="1.0" encoding="UTF-8"?>
<collection xmlns="http://www.loc.gov/MARC21/slim">
 <record>
  <leader>01199nam a22002655a 4500</leader>
  <controlfield tag="001">CEM.cems020195</controlfield>
  <controlfield tag="008">230609s1998####ag############000#0#und#d</controlfield>
  <controlfield tag="005">20230612140857.0</controlfield>
  <datafield tag="245" ind1="1" ind2="0">
   <subfield code="a">The little school :</subfield>
   <subfield code="b">relatos testimoniales /</subfield>
   <subfield code="c">Alicia Partnoy; prólogo de Julia Alvarez; ilustrado por Raquel Partnoy.</subfield>
  </datafield>
  <datafield tag="250" ind1=" " ind2=" ">
   <subfield code="a">2a ed.</subfield>
  </datafield>
  <datafield tag="260" ind1=" " ind2=" ">
   <subfield code="a">Buenos Aires :</subfield>
   <subfield code="b">Midnight Editions,</subfield>
   <subfield code="c">1998.</subfield>
  </datafield>
  <datafield tag="300" ind1=" " ind2=" ">
   <subfield code="a">142 p.</subfield>
  </datafield>
  <datafield tag="500" ind1=" " ind2=" ">
   <subfield code="a">Texto en inglés.</subfield>
  </datafield>
  <datafield tag="520" ind1=" " ind2=" ">
   <subfield code="a">One of Argentinian's 30.000 &quot;disappeared&quot;, Alicia Partnoy, was abducted from her home and taken to a concentration camp where she was tortured, and where many of her friends were killed. She has presented testimony on human rights violations to the United Nation, the Organization of American States, human rights organizations in Argentina, and has lectured at universities throughout the United States.</subfield>
  </datafield>
  <datafield tag="020" ind1=" " ind2=" ">
   <subfield code="a">9781573440295</subfield>
  </datafield>
  <datafield tag="100" ind1="1" ind2=" ">
   <subfield code="a">Partnoy, Alicia.</subfield>
  </datafield>
  <datafield tag="700" ind1="1" ind2=" ">
   <subfield code="a">Alvarez, Julia; prol.</subfield>
  </datafield>
  <datafield tag="700" ind1="1" ind2=" ">
   <subfield code="a">Partnoy, Raquel; ilus.</subfield>
  </datafield>
  <datafield tag="082" ind1="0" ind2="4">
   <subfield code="a">364.15</subfield>
  </datafield>
  <datafield tag="653" ind1=" " ind2=" ">
   <subfield code="a">Literatura</subfield>
  </datafield>
  <datafield tag="653" ind1=" " ind2=" ">
   <subfield code="a">Relatos</subfield>
  </datafield>
  <datafield tag="653" ind1=" " ind2=" ">
   <subfield code="a">Testimonio</subfield>
  </datafield>
  <datafield tag="653" ind1=" " ind2=" ">
   <subfield code="a">Memorias</subfield>
  </datafield>
  <datafield tag="653" ind1=" " ind2=" ">
   <subfield code="a">Dictadura</subfield>
  </datafield>
  <datafield tag="859" ind1=" " ind2=" ">
   <subfield code="a">CEMS</subfield>
   <subfield code="b">BIB. CEMS - 11 de abril</subfield>
   <subfield code="h">364.15</subfield>
   <subfield code="i">P258-1</subfield>
   <subfield code="p">29479.23</subfield>
   <subfield code="t">Ej.1</subfield>
  </datafield>
 </record>
</collection>
